00475nam a2200133 a 4500008004100000020001500041050001700056245013300073260003500206300001700241350000900258650003800267650003600305060316s1984 ||||||||||||||||| || u a0727702149 aTA 683.2 Pra00aPractical design of reinforced and prestressed concrete structures based on the CEB-FIP model code (MC78) : FIP recommendations. aLondon :bThomas Telfordc1984 a36 p. : ill. a0.00 aPRESTRESSED CONCRETE CONSTRUCTION aREINFORCED CONCRETE CONTRUCTION